Tree breeding : Principles and strategies (Record no. 41229)

MARC details
000 -LEADER
fixed length control field 00360nam a2200121Ia 4500
082 ## - DEWEY DECIMAL CLASSIFICATION NUMBER
Classification number 575:631.52
Item number NAM
100 ## - MAIN ENTRY--AUTHOR NAME
Personal name Namkoong, G
245 #0 - TITLE STATEMENT
Title Tree breeding : Principles and strategies
260 ## - PUBLICATION, DISTRIBUTION, ETC. (IMPRINT)
Place of publication New York
Name of publisher Springer-Verlag
Year of publication 1988
490 ## - SERIES STATEMENT
Series statement Monographs on theoretical and applied genetics V11
942 ## - ADDED ENTRY ELEMENTS (KOHA)
Koha item type Books
Holdings
Withdrawn status Lost status Damaged status Not for loan Home library Current library Date acquired Cost, normal purchase price Full call number Accession Number Koha item type
        RRII Library RRII Library 16/12/2021 192.00 575:631.52 NAM 21520 Books